Miejscowości powiatu strzyżowskiego - Statystyki

Ogólne statystyki
  • Ten quiz został rozwiązany 12 razy
  • Średni wynik to 27 z 59
Statystyki odpowiedzi
Gmina Miejscowość % Poprawnych
Czudec
100%
Niebylec
83%
Strzyżów
83%
Wiśniowa
83%
Żarnowa
83%
Czudec Babica
67%
Frysztak
67%
Dobrzechów
67%
Godowa
67%
Jazowa
67%
Łętownia
67%
Markuszowa
67%
Połomia
67%
Zaborów
67%
Gbiska
50%
Glinik Charzewski
50%
Glinik Dolny
50%
Glinik Zaborowski
50%
Gwoździanka
50%
Jawornik Niebylecki
50%
Kalembina
50%
Pstrągowa
50%
Pułanki
50%
Stępina
50%
Tułkowice
50%
Wysoka Strzyżowska
50%
Wyżne
50%
Żyznów
50%
Niebylec Baryczka
33%
Strzyżów Bonarówka
33%
Brzeżanka
33%
Frysztak Cieszyna
33%
Glinik Górny
33%
Grodzisko
33%
Gwoźnica Dolna
33%
Gwoźnica Górna
33%
Wiśniowa Jaszczurowa
33%
Kobyle
33%
Konieczkowa
33%
Kozłówek
33%
Kożuchów
33%
Lubla
33%
Lutcza
33%
Małówka
33%
Nowa Wieś
33%
Oparówka
33%
Pstrągówka
33%
Różanka
33%
Szufnarowa
33%
Tropie
33%
Twierdza
33%
Widacz
33%
Zawadka
33%
Glinik Średni
17%
Gogołów
17%
Huta Gogołowska
17%
Niewodna
17%
Przedmieście Czudeckie
17%
Blizianka
0%
Nie znaleziono quizów pasujących do podanych kryteriów
Rozkład punktacji
Procent ludzi z każdym wynikiem
Percentyl według liczby udzielonych odpowiedzi
Twoja historia wyników
Nie rozwiązałeś tego quizu